| 000 | 00405nam a22001697a 4500 | ||
|---|---|---|---|
| 003 | NUST | ||
| 020 | _a8124200432 | ||
| 038 | _akhadija | ||
| 082 |
_a503.21 _bENC |
||
| 100 |
_aJain, R.P. _961974 |
||
| 245 | _aEncyclopaedia of Science and Technology Volume 3 | ||
| 260 |
_aNew Delhi : _bCreast, _c3059. |
||
| 300 |
_a536 p. ; _b21 cm. |
||
| 500 | _aHardcover. | ||
| 563 | _ahard cover | ||
| 942 |
_cBK _2ddc |
||
| 999 |
_c33863 _d33863 |
||